competing capitalisms: (Record no. 9110)

MARC details
000 -LEADER
fixed length control field 00523nam a22001817a 4500
003 - CONTROL NUMBER IDENTIFIER
control field OSt
005 - DATE AND TIME OF LATEST TRANSACTION
control field 20240709115616.0
008 - FIXED-LENGTH DATA ELEMENTS--GENERAL INFORMATION
fixed length control field 240709b |||||||| |||| 00| 0 eng d
020 ## - INTERNATIONAL STANDARD BOOK NUMBER
International Standard Book Number 0333747747
040 ## - CATALOGING SOURCE
Transcribing agency MUST
082 ## - DEWEY DECIMAL CLASSIFICATION NUMBER
Classification number 330.12 BEE 1999
100 ## - MAIN ENTRY--PERSONAL NAME
Personal name Beeson, Mark
9 (RLIN) 18545
245 ## - TITLE STATEMENT
Title competing capitalisms:
Remainder of title australia, Japan and economic competition in Asia Pacific/
Statement of responsibility, etc. Mark Beeson
300 ## - PHYSICAL DESCRIPTION
Extent xii,232p.
Other physical details ill. ,
Dimensions 24cm
504 ## - BIBLIOGRAPHY, ETC. NOTE
Bibliography, etc bibliography and index included
650 ## - SUBJECT ADDED ENTRY--TOPICAL TERM
Source of heading or term economics
942 ## - ADDED ENTRY ELEMENTS (KOHA)
Source of classification or shelving scheme Dewey Decimal Classification
Koha item type Open Shelf
Holdings
Withdrawn status Lost status Source of classification or shelving scheme Damaged status Not for loan Home library Current library Date acquired Source of acquisition Inventory number Total Checkouts Full call number Barcode Date last seen Price effective from Koha item type
    Dewey Decimal Classification     MUST Main Library MUST Main Library 09/07/2024 purchase 03/18924   330.12 BEE 1999 2024-21861 09/07/2024 09/07/2024 Open Shelf
    Dewey Decimal Classification     MUST Main Library MUST Main Library 09/07/2024 purchase 03/18925   330.12 BEE 1999 2024-21862 09/07/2024 09/07/2024 Open Shelf